| 000 | 01449nam a22002057a 4500 | ||
|---|---|---|---|
| 999 |
_c58703 _d58703 |
||
| 003 | Ge_BSU | ||
| 005 | 20220701120430.0 | ||
| 008 | 220701s2010 ge ||||| |||| 00| 0 geo d | ||
| 020 | _a19875231 | ||
| 040 | _ageo | ||
| 041 | _ageo | ||
| 080 | _a33(479.223) ა–95 | ||
| 245 |
_aაჭარის სოციალურ-ეკონომიკური პრობლემები = Social-Economical Problems of Adjara = Социально-Экономические Проблемы Аджарии : _bსტატიების კრებული ; ტ. 12 / _cსაქართველოს განათლებისა და მეცნიერების სამინისტრო ; ნიკო ბერძენიშვილის ინსტიტუტი; რედაქტორი: ჟანი მიქაშვიძე. |
||
| 264 |
_aბათუმი : _bშოთა რუსთაველის სახელმწიფო უნივერსიტეტი, _c2010. |
||
| 300 |
_a190 გვ. ; _b21 სმ. |
||
| 501 | _aსტატიების ბოლოს რეზიუმე ინგლ. და რუს. ენებზე. | ||
| 653 | _a აჭარის სოციალურ–ეკონომიკური პრობლემები | ||
| 700 |
_aმიქაშავიძე, ჟანი _eრედაქტორი _92700 |
||
| 942 |
_2udc _cBK |
||